banner-ar

L'ISLAM DE RUSSIE: CONSCIENCE COMMUNAUTAIRE ET AUTONOMIE POLITIQUE CHEZ LES TATARS DE LA VOLGA ET DE L'OURAL DESPUIS LE XVIII SIECLE / (Record no. 16035)

MARC details
000 -الفاتح
حقل البيانات ثابتة الطول 00560nam a2200169Ia 4500
008 - عناصر البيانات ثابتة الطول - معلومات عامة
حقل البيانات ثابتة الطول 140319s9999 xx 000 0 eng d
040 ## - مصدر الفهرسة
وكالة الفهرسة الأصلية GCL /
وكالة النسخ GCL
082 04 - رقم تصنيف ديوى العشرى
رقم التصنيف 297.0947
رقم المادة D I
100 1# - المدخل الرئيسى - إسم شخصى
الإسم الشخصى DUDOIGNON, STEPHANE
245 10 - بيان العنوان
العنوان L'ISLAM DE RUSSIE: CONSCIENCE COMMUNAUTAIRE ET AUTONOMIE POLITIQUE CHEZ LES TATARS DE LA VOLGA ET DE L'OURAL DESPUIS LE XVIII SIECLE /
بيان المسئوليه,etc DUDOIGNON, STEPHANE
260 ## - PUBLICATION, DISTRIBUTION, ETC. (IMPRINT)
تاريخ النشر أو التوزيع 1997
650 04 - المدخل الاضافى بالموضوع-مصطلح موضوعى
مصطلح موضوعي نجد
650 04 - المدخل الاضافى بالموضوع-مصطلح موضوعى
مصطلح موضوعي ISLAMIC THEOLOGY
650 04 - المدخل الاضافى بالموضوع-مصطلح موضوعى
مصطلح موضوعي ISLAM - RUSSIE
942 ## - عناصر المدخل الإضافي( كوها)
مصدر التصنيف او مخطط الترفيف Dewey Decimal Classification
Koha [default] item type كتاب
260 ## - PUBLICATION, DISTRIBUTION, ETC. (IMPRINT)
-- [S.N] :
-- MAISONNEUVE ET LAROSE ،
Holdings
حالة التراجع حالة الفقد حالة تلف ليس للاعارة المكان المؤقت الموقع الحالى تاريخ الاكتساب اجمالي اﻻعارات رقم الطلب الباركود تاريخ اخر مشاهدة تاريخ تفعيل السعر نوع وعاء كوها
        مكتبة القاهرة الكبرى مكتبة القاهرة الكبرى 03/26/2014   297.0947\D I 29363 03/26/2014 03/26/2014 كتاب

Powered By

EGPV